000 00726nam 22002053 4500
001 201005
010 _a0330391704
090 _a201005
100 _a20260305d u||y0pory50 ba
200 _aAlexander
_ethe massive international bestseller
_fValerio Massimo Manfredi
210 _aLondon
_cPan Books
_d1988
215 _a3 vols
_cBrochado
_d17 cm
327 _aBook One: Child of a dream. -446 p. BooK Two: The sands of Ammon. -493 p. Book Three: the Ends of The Earth. -576 p.
606 _915
_aLiteratura Italiana
610 _aLiteratura italiana em lingua inglesa
675 _a821.131.1
_vBG
_zeng
700 _916669
_aManfredi
_bValerio Massimo
_f1943-
801 _aPT
_bBMMN
_gRPC
830 _cFernando
_fFernando
990 _cLIVROS